| 000 | 00000nam##2200000za#4500 |
| 001 | 9.642627 |
| 003 | CaOODSP |
| 005 | 20210624223809 |
| 007 | cr ||||||||||| |
| 008 | 150407|2003||||xxc|||||o f|0| 0 fre|d |
| 040 | |aCaOODSP|bfre |
| 043 | |an-cn--- |
| 086 | 1 |aF2-144/2003F-PDF |
| 110 | 1 |aCanada. |bMinistère des finances. |
| 245 | 10|aPropositions législatives concernant la Loi de l'impôt sur le revenu : |h[ressource électronique]|bimposition des fiducies non-résidentes et des entités de placement étrangères / |cpubliées par le vice-premier ministre et ministre des Finances, l'honorable John Manley, c.p., député. |
| 260 | |aOttawa - Ontario : |bFinances Canada. |cOctobre 2003. |
| 300 | |a160p. |
| 500 | |aLe n° de catalogue (F2-144/2003F) et l'ISBN (0-660-96863-0) de l'édition imprimée ont été incorrectement copiés dans l'édition électronique. |
| 590 | |a14-02-Supp|b2014-01-08 |
| 691 | 07|aImpôt fédéral|2gcpds |
| 691 | 07|aInvestissement étranger|2gcpds |
| 775 | 08|tLegislative proposals relating to the Income Tax Act : |w(CaOODSP)9.698621 |
| 776 | 0#|tPropositions législatives concernant la Loi de l'impôt sur le revenu : |w(CaOODSP)9.682272 |
| 856 | 40|ahttp://publications.gc.ca|qPDF|s529 Ko|uhttps://publications.gc.ca/collections/collection_2013/fin/F2-144-2003-fra.pdf |